00906nam a22002177a 4500001001400000003000900014005001700023008004100040040001300081082001800094100002700112245013600139260013400275300003300409500013900442504004100581590001000622650002800632942001300660999001500673BD-DhSAU 9523BD-DhSAU20190225132820.0150620b2009 bg ||||||m||| 00| 0 eng d aBD-DhSAU 222a581bIs43 aIslam, Mohammad Mahbub aAbscisic acid- and Methyl Jasmonate-induced Cytosolic Alkalization in Arabidopsis Guard Cells /bPh.D thesiscMohammad Mahbub Islam aThe Graduate School of Natural Science and Technology, Okayama University, Japan :bDepartment of Biofunctional Chemistry,c2009. avii, 82 p. :bill. ;c30 cm. aPh.D thesis of Department of Biofunctional Chemistry, The Graduate School of Natural Science and Technology, Okayama University, Japan aIncludes bibliographical reference.  aJerin aBiofunctional Chemistry 2ddccPHD c9526d9526